Welcome to the Holygrace Academy Library

Please use search bar below to get started

UNDERWATER LIFE (Record no. 1902)

MARC details
000 -LEADER
fixed length control field 00304nam a22001217a 4500
082 ## - DEWEY DECIMAL CLASSIFICATION NUMBER
Classification number 001
Item number KOD/U
100 ## - MAIN ENTRY--AUTHOR NAME
Personal name KODANSHA
245 ## - TITLE STATEMENT
Title UNDERWATER LIFE
Remainder of title THE CHILDREN'S TREASURY OF KNOWLEDGE
260 ## - PUBLICATION, DISTRIBUTION, ETC. (IMPRINT)
Place of publication HONGKONG
Name of publisher KODANSHA LIMITED
Year of publication 1988
300 ## - PHYSICAL DESCRIPTION
Number of Pages 111
650 ## - SUBJECT ADDED ENTRY--TOPICAL TERM
Topical Term GENERAL KNOWLEDGE
Geographic subdivision CHINA
942 ## - ADDED ENTRY ELEMENTS (KOHA)
Koha item type Books
Holdings
Withdrawn status Lost status Collection code Home library Current library Shelving location Date acquired Source of acquisition Full call number Accession Number Koha item type
    Reference Main Library Main Library SHELF 1-D ENCYCLOPEDIAS G K REFERENCE 19/04/2013 purchase 001 KOD/U 07332 Books